| 000 | 00654nam a2200217 a 4500 | ||
|---|---|---|---|
| 005 | 20210219152953.0 | ||
| 008 | 991125n 000 0 u | ||
| 035 | _aUPN01000069858 | ||
| 100 | _aRosenthal, Irwing | ||
| 222 | _aLEARNING DISABILITIES RESEARCH AND PRACTICE | ||
| 245 | _aCounseling the learning disabled late adolescent and adult : a self psychology perspective | ||
| 300 | _a217-225 | ||
| 362 | _a7, No. 4, 1992 | ||
| 505 | _aMayo 1993 | ||
| 653 | 0 | _aAUTOCONCEPTO | |
| 653 | 0 | _aCAPACIDAD INTERPERSONAL | |
| 653 | 0 | _aPROBLEMAS DE APRENDIZAJE | |
| 653 | 0 | _aTECNICAS DE ASESORAMIENTO | |
| 904 |
_aAC _b007669 |
||
| 905 | _aArticulo | ||
| 999 |
_c65138 _d65138 |
||